000 00350nam a2200133Ia 4500
008 240624s9999 xx 000 0 und d
041 _aeng
082 _a828 CAP
100 _aCAPRA FRITJOF
245 _aWEB OF LIFE A NEW SYNTHESIS OF MIND AND
260 _c1997
_aNew Delhi
_bHarperCollins
300 _axv, : 320 : p. : cm. ; 20
365 _cRS
_b25
999 _c18749
_d18749